Click the Asian Country on a Borderless Map - Statistics

General Stats
  • This quiz has been taken 3,175 times
  • The average score is 35 of 48
Answers on the Map
Answers color-coded by a green-red scale on the quiz's map according to % correct below.
 
Answer Stats
Answer % Correct
China
81%
India
81%
Indonesia
81%
Japan
81%
North Korea
80%
Philippines
80%
Saudi Arabia
80%
South Korea
80%
Sri Lanka
80%
Taiwan
79%
Turkey
79%
Maldives
78%
Cyprus
76%
Singapore
76%
Yemen
76%
Malaysia
75%
Myanmar
75%
Oman
75%
Iran
74%
Israel
74%
Kazakhstan
74%
Vietnam
74%
Pakistan
73%
Qatar
73%
Bahrain
72%
United Arab
Emirates
72%
Bangladesh
71%
Cambodia
71%
Lebanon
71%
Mongolia
71%
Nepal
71%
Azerbaijan
70%
East Timor
70%
Georgia
70%
Bhutan
69%
Kuwait
69%
Syria
69%
Thailand
69%
Afghanistan
68%
Brunei
66%
Iraq
66%
Jordan
64%
Laos
64%
Armenia
63%
Turkmenistan
62%
Kyrgyzstan
59%
Uzbekistan
58%
Tajikistan
55%
No matching quizzes found
Score Distribution
Percent of People with Each Score
Percentile by Number Answered
Your Score History
You have not taken this quiz